Historia de la pintura: del Renacimiento a nuestros días.

Uloženo v:
Podrobná bibliografie
Hlavní autor: Kraube, Anna-Carola
Médium: Kniha
Jazyk:španělština
Vydáno: Colonia, Alemania Konemann 1995
Témata:
Tagy: Přidat tag
Žádné tagy, Buďte první, kdo vytvoří štítek k tomuto záznamu!

MARC

LEADER 00000nam a2200000 a 4500
001 UCS8195
003 CL-VaPUC
005 20250313113424.0
008 971031e19950000GW |||||||||||||||||spa|d
999 |c 262785  |d 262783 
020 |a 389508476X 
040 |c Pontificia Universidad Católica de Valparaíso 
082 0 4 |a 759.03 KRA 1995  |2 21 
100 |a Kraube, Anna-Carola  |9 561193 
245 1 0 |a Historia de la pintura: del Renacimiento a nuestros días. 
260 0 3 |a Colonia, Alemania  |b Konemann  |c 1995 
300 |a 128 páginas. 
583 |a last modification  |c 19971031 00:00:00  |k Rodrigo Vera 
650 0 |a Historia del arte  |9 314877 
650 0 |a Pinturas  |9 347968 
650 0 |a Obras de arte  |9 337253 
650 0 |a Renacimiento  |9 255107 
650 0 |a Manierismo  |9 268679 
650 0 |a Barroco   |9 338027 
650 7 |a ROCOCO  |2 CL-VaPUC  |9 345310 
650 0 |a Neoclasicismo  |9 268667 
650 0 |a Romanticismo   |9 266698 
650 0 |a Idealismo  |9 265685 
650 7 |a IMPRESIONISMO  |2 CL-VaPUC  |9 324638 
650 7 |a FAUVISMO  |2 CL-VaPUC  |9 266165 
650 7 |a EXPRESIONISMO  |2 CL-VaPUC  |9 268711 
650 0 |a Surrealismo  |9 265502 
650 0 |a Abstracción  |9 344698 
650 7 |a PINTURA FIGURATIVA  |2 CL-VaPUC  |9 393160 
942 |c BK  |2 ddc 
945 |d 19971031 00:00:00  |a jquezada 
952 |0 0  |1 0  |2 ddc  |4 0  |6 759_030000000000000_KRA_1995  |7 0  |8 A  |9 291660  |a BIBHIS  |b BIBHIS  |d 2019-11-19  |i 3360962  |o 759.03 KRA 1995  |p 3360962  |r 2025-01-20  |t 3  |w 2019-11-19  |y BK  |k HIS 
952 |0 0  |1 0  |2 ddc  |4 0  |6 759_030000000000000_KRA_1995  |7 0  |8 A  |9 291661  |a BIBHIS  |b BIBHIS  |d 2019-11-19  |i 3360970  |o 759.03 KRA 1995  |p 3360970  |r 2025-01-20  |t 4  |w 2019-11-19  |y BK  |k HIS 
952 |0 0  |1 0  |2 ddc  |4 0  |6 759_030000000000000_KRA_1995  |7 0  |8 A  |9 291662  |a BIBHIS  |b BIBHIS  |d 2019-11-19  |i 3610586  |o 759.03 KRA 1995  |p 3610586  |r 2025-01-20  |t 5  |w 2019-11-19  |y BK  |k HIS 
952 |0 0  |1 0  |2 ddc  |4 0  |6 759_030000000000000_KRA_1995  |7 0  |8 A  |9 291663  |a BIBARQ  |b BIBARQ  |d 2019-11-19  |i 3931218  |l 5  |m 1  |o 759.03 KRA 1995  |p 3931218  |r 2025-01-20  |s 2023-05-23  |t 2  |w 2019-11-19  |y BK  |k ARQ